Pedro, el primero de los Apóstoles : (Record no. 62761)

MARC details
000 -LEADER
campo de control de longitud fija 00722nmm a2200241Ia 4500
008 - DATOS DE LONGITUD FIJA--INFORMACIÓN GENERAL
campo de control de longitud fija 251105s9999||||xx |||||||||||||||||und||
020 ## - NÚMERO INTERNACIONAL ESTÁNDAR DEL LIBRO
Número Internacional Estándar del Libro 9788490730539
041 ## - CÓDIGO DE IDIOMA
Código de lengua del texto/banda sonora o título independiente spa
100 ## - ENTRADA PRINCIPAL--NOMBRE DE PERSONA
Nombre de persona Berder , Michel
245 #0 - MENCIÓN DEL TÍTULO
Título Pedro, el primero de los Apóstoles :
Resto del título Cuaderno Bíblico 165
264 ## - PRODUCCIÓN, PUBLICACIÓN, DISTRIBUCIÓN, FABRICACIÓN Y COPYRIGHT
Producción, publicación, distribución, fabricación y copyright [Madrid, España] :
Nombre del de productor, editor, distribuidor, fabricante Editorial Verbo Divino,
Fecha de producción, publicación, distribución, fabricación o copyright 2014
300 ## - DESCRIPCIÓN FÍSICA
Extensión 80 páginas
490 ## - MENCIÓN DE SERIE
Mención de serie Cuadernos bíblicos
650 ## - PUNTO DE ACCESO ADICIONAL DE MATERIA--TÉRMINO DE MATERIA
Término de materia o nombre geográfico como elemento de entrada Religion(s)
700 ## - ENTRADA AGREGADA--NOMBRE PERSONAL
Nombre de persona Berder , Michel
700 1# - ENTRADA AGREGADA--NOMBRE PERSONAL
Nombre de persona Blanchard , Yves-Marie
700 1# - ENTRADA AGREGADA--NOMBRE PERSONAL
Nombre de persona Burnet , Régis
700 1# - ENTRADA AGREGADA--NOMBRE PERSONAL
Nombre de persona Fábregues , Angeles
700 1# - ENTRADA AGREGADA--NOMBRE PERSONAL
Nombre de persona Flichy , Odile
700 1# - ENTRADA AGREGADA--NOMBRE PERSONAL
Nombre de persona Schlosser , Jacques
856 ## - LOCALIZACIÓN Y ACCESO ELECTRÓNICOS
Identificador Uniforme de Recursos <a href="https://public.digitaliapublishing.com/a/30497">https://public.digitaliapublishing.com/a/30497</a>
942 ## - ELEMENTOS DE ENTRADA SECUNDARIOS (KOHA)
Tipo de ítem Koha Libro Digital

No items available.

Powered by Koha